000
00255nam a2200097Ia 4500
008
230907s9999||||xx |||||||||||||| ||und||
082
_a
621.31
_b
ADV
245
0
_a
Advances in electric power and energy systems :
300
_a
xiii, 304 pages :
942
_c
BK
999
_c
599961
_d
599961